000 00312nam a22001337a 4500
008 260323b ||||| |||| 00| 0 eng d
020 _a9789951057431
041 _aeng
080 _a821.18
100 _a26
101 _aPrralla
245 _aKallëzimet e Gjyshes Pastërtores
_cBedri Dedja
942 _2udc
_cBK
999 _c60912
_d60912